000 00625nam a2200217 a 4500
001 12255
003 CO-ViMGA
008 141112s2004 ck r 000 u spa d
020 _a8423992470
040 _aCO-ViMGA
_bspa
_cCO-ViMGA
082 0 4 _aR920.703 S54d
100 1 _aSegura Craiño, Cristina
_917439
245 1 0 _aMujeres Celebres
260 _aMadrid,
_cEspasa Calpe S.A.,
_c1998
300 _a747 p., il.
590 _aPrecio : 29.900 - - Fecha de adquisición : Ag. 23, 2000
650 1 4 _aBIOGRAFIAS
_917440
650 1 4 _aDICCIONARIO DE BIOGRAFIAS
_917441
650 1 4 _aMUJERES CELEBRES
_917442
942 _2ddc
_cBK
999 _c23268
_d23268